|
|
|
|
| LEADER |
01829nam a2200409 i 4500 |
| 001 |
EBC6725687 |
| 003 |
MiAaPQ |
| 005 |
20220616111242.0 |
| 006 |
m o d | |
| 007 |
cr cnu|||||||| |
| 008 |
220616s2022 nyua ob 001 0 eng d |
| 020 |
|
|
|z 9780367676759
|q (print)
|
| 020 |
|
|
|a 9781000441543
|q (electronic bk.)
|
| 035 |
|
|
|a (MiAaPQ)EBC6725687
|
| 035 |
|
|
|a (Au-PeEL)EBL6725687
|
| 035 |
|
|
|a (OCoLC)1272991369
|
| 040 |
|
|
|a MiAaPQ
|b eng
|e rda
|e pn
|c MiAaPQ
|d MiAaPQ
|
| 050 |
|
4 |
|a PN3433.6
|b .K838 2022
|
| 082 |
0 |
|
|a 809.38762
|2 23
|
| 100 |
1 |
|
|a Kucukalic, Lejla,
|e author.
|
| 245 |
1 |
0 |
|a Biofictions :
|b literary and visual imagination in the age of biotechnology /
|c Lejla Kucukalic.
|
| 264 |
|
1 |
|a New York, New York ;
|a London, England :
|b Routledge,
|c [2022]
|
| 264 |
|
4 |
|c Ã2022
|
| 300 |
|
|
|a 1 online resource (127 pages) :
|b illustrations
|
| 336 |
|
|
|a text
|b txt
|2 rdacontent
|
| 337 |
|
|
|a computer
|b c
|2 rdamedia
|
| 338 |
|
|
|a online resource
|b cr
|2 rdacarrier
|
| 504 |
|
|
|a Includes bibliographical references and index.
|
| 588 |
|
|
|a Description based on print version record.
|
| 590 |
|
|
|a Electronic reproduction. Ann Arbor, MI : ProQuest, 2018. Available via World Wide Web. Access may be limited to ProQuest affiliated libraries.
|
| 650 |
|
0 |
|a Biotechnology in literature.
|
| 650 |
|
0 |
|a Science fiction
|x History and criticism
|y 20th century.
|
| 650 |
|
0 |
|a Science fiction
|x History and criticism
|y 21st century.
|
| 655 |
|
4 |
|a Electronic books.
|
| 776 |
0 |
8 |
|i Print version:
|a Kucukalic, Lejla.
|t Biofictions : literary and visual imagination in the age of biotechnology.
|d New York, New York ; London, England : Routledge, c2022
|h 127 pages
|z 9780367676759
|w (DLC) 2021014357
|
| 797 |
2 |
|
|a ProQuest (Firm)
|
| 856 |
4 |
0 |
|u https://ebookcentral.proquest.com/lib/matrademy/detail.action?docID=6725687
|z Click to View
|